Bahasa dan pemikiran Melayu : (Pesanan terakhir pejuang bahasa)

Bibliographic Details
Main Author: Hassan Ahmad (Author)
Format: Book
Published: Kuala Lumpur : Dewan Bahasa dan Pustaka 2026
Subjects:

MARC

LEADER 00000cam a2200000 7i4500
001 0000093687
005 20240206095921.0
020 |a 9789834611422 (  |q hardback) 
040 |e rda 
041 |a Malay 
090 0 0 |a 499.2382   |b HAS 
100 0 |a Hassan Ahmad ,   |e (author) 
245 1 0 |a Bahasa dan pemikiran Melayu :   |b (Pesanan terakhir pejuang bahasa)   |c Hassan Ahmad 
264 1 |a Kuala Lumpur :   |b Dewan Bahasa dan Pustaka   |c 2026 
300 |a 392 pages ;   |c 23 cm. 
336 |a text  |2 rdacontent 
337 |a unmediated  |2 rdamedia 
338 |a volume  |2 rdacarrier 
500 |a Includes index 
541 |c Donation book   |f Inisiatif Belanjawan 2023 
650 0 |a Language and culture 
650 0 |a Malay language   |x Usage 
730 0 |a Title 
999 |a 0001752334   |b Book   |c Adult Collection   |e Perbadanan Perpustakaan Awam Johor 
999 |a 0001752398   |b Book   |c Adult Collection   |e Cawangan Urban Transformation Centre 
999 |a 0001752399   |b Book   |c Adult Collection   |e Cawangan AEON Kulaijaya 
999 |a 0001752400   |b Book   |c Adult Collection   |e Cawangan Taman Sri Lambak 
999 |a 0001752401   |b Book   |c Adult Collection   |e Cawangan Muar 
999 |a 0001752402   |b Book   |c Adult Collection   |e Cawangan Bandar Penawar 
999 |a 0001752403   |b Book   |c Adult Collection   |e Perbadanan Perpustakaan Awam Johor 
999 |a 0001752404   |b Book   |c Adult Collection   |e Cawangan Muar 
999 |a 0001752405   |b Book   |c Adult Collection   |e Cawangan Tmn. Ungku Tun Aminah 
999 |a 0001752406   |b Book   |c Adult Collection   |e Cawangan Bandar Tenggara 
999 |a 0001752407   |b Book   |c Adult Collection   |e Cawangan Mersing 
999 |a 0001752408   |b Book   |c Adult Collection   |e Cawangan Kota Tinggi 
999 |a 0001752409   |b Book   |c Adult Collection   |e Cawangan Segamat 
999 |a 0001752410   |b Book   |c Adult Collection   |e Cawangan Pontian 
999 |a 0001752411   |b Book   |c Adult Collection   |e Cawangan Bukit Gambir 
999 |a 0001752412   |b Book   |c Adult Collection   |e Cawangan Batu Pahat 
999 |a 0001752413   |b Book   |c Adult Collection   |e Cawangan Bandar Penawar 
999 |a 0001752414   |b Book   |c Adult Collection   |e Perbadanan Perpustakaan Awam Johor 
999 |a 0001752415   |b Book   |c Adult Collection   |e Cawangan Tangkak